| 000 | 00995cam a2200241 a 4500 | ||
|---|---|---|---|
| 001 | 000004692 | ||
| 005 | 20200929151501.0 | ||
| 008 | 971125s1991 sp b 000 f spa | ||
| 020 | _a8478201009 | ||
| 040 |
_aDO-SdBNP _cDLC |
||
| 082 |
_a863.62 _bS474T |
||
| 100 | 1 |
_aTrivinos, Gilberto, _d1944- _913662 |
|
| 245 | 1 | 0 |
_aRamón J. Sender : _bmito y contramito de Lope de Aguirre / _cGilberto Trivinos. |
| 260 |
_aZaragoza, España : _bInstitución Fernándo el Católico, _c1991. |
||
| 300 |
_a157 p. ; _c25 cm. |
||
| 440 | 0 |
_aPublicación de la Institución Fernándo el Católico ; _vno. 1279 _913663 |
|
| 504 | _aIncluye referencias bibliográficas (p. 149-155). | ||
| 600 | 1 | 0 |
_aSender, Ramón José, _d1901-1982. _tAventura equinoccial de Lope de Aguirre. _913664 |
| 600 | 1 | 0 |
_aAguirre, Lope de, _d1510-1561. _913665 |
| 650 | 4 |
_aNovela española _xCrítica e interpretación _913666 |
|
| 650 | 4 |
_aLiteratura española _xCrítica e interpretación _94054 |
|
| 910 | _aCatalogación por copia / LC | ||
| 999 |
_c4498 _d4498 |
||